International rubber forum 31st Assembly Bangkok, Thailand. July 1989. V 1. Quality of elastomers (Record no. 40320)

MARC details
000 -LEADER
fixed length control field 00484nam a2200157Ia 4500
082 ## - DEWEY DECIMAL CLASSIFICATION NUMBER
Classification number NR:33
Item number INT.1
245 #0 - TITLE STATEMENT
Title International rubber forum 31st Assembly Bangkok, Thailand. July 1989. V 1. Quality of elastomers
260 ## - PUBLICATION, DISTRIBUTION, ETC. (IMPRINT)
Place of publication London
Name of publisher IRSG
Year of publication 1989
650 ## - SUBJECT ADDED ENTRY--TOPICAL TERM
Topical Term Polybutadiene rubbers
650 ## - SUBJECT ADDED ENTRY--TOPICAL TERM
Topical Term Polyisoprene
650 ## - SUBJECT ADDED ENTRY--TOPICAL TERM
Topical Term Rubber quality management system
650 ## - SUBJECT ADDED ENTRY--TOPICAL TERM
Topical Term Synthetic rubber
650 ## - SUBJECT ADDED ENTRY--TOPICAL TERM
Topical Term Tyre industry
942 ## - ADDED ENTRY ELEMENTS (KOHA)
Koha item type Books
Holdings
Withdrawn status Lost status Damaged status Not for loan Home library Current library Date acquired Full call number Accession Number Koha item type
        RRII Library RRII Library 16/12/2021 NR:33 INT.1 20621 Books